Sports Quiz

Random Sports or MLB Quiz
Score 0/50 Timer 05:00
1 Play Today
Answer % Correct
David Wright
97.7%
David Wright
97.7%
David Wright
97.7%
David Wright
97.7%
David Wright
97.7%
Darryl Strawberry
96%
Darryl Strawberry
96%
Darryl Strawberry
96%
Darryl Strawberry
96%
Mike Piazza
91.4%
Mike Piazza
91.4%
Mike Piazza
91.4%
Mike Piazza
91.4%
Mike Piazza
91.4%
Jose Reyes
89.9%
Jose Reyes
89.9%
Jose Reyes
89.9%
Keith Hernandez
82.3%
Keith Hernandez
82.3%
Carlos Beltran
78.8%
Carlos Beltran
78.8%
Carlos Beltran
78.8%
Howard Johnson
78.3%
Howard Johnson
78.3%
Howard Johnson
78.3%
Answer % Correct
Howard Johnson
78.3%
Mookie Wilson
69%
Mookie Wilson
69%
Cleon Jones
67.3%
Cleon Jones
67.3%
Cleon Jones
67.3%
Ed Kranepool
65.6%
Ed Kranepool
65.6%
Ed Kranepool
65.6%
Ed Kranepool
65.6%
Edgardo Alfonzo
61.7%
Edgardo Alfonzo
61.7%
Edgardo Alfonzo
61.7%
Edgardo Alfonzo
61.7%
Edgardo Alfonzo
61.7%
John Olerud
60.1%
Dave Kingman
59.1%
Todd Hundley
53.8%
Kevin McReynolds
47.7%
Kevin McReynolds
47.7%
Bud Harrelson
43.8%
Daniel Murphy
39.7%
Dave Magadan
24.3%
Steve Henderson
23.7%
Angel Pagan
11.9%
Remove Ads.
Support Sporcle.
Get the best of Sporcle when you Go Orange. This ad-free experience offers more features, more stats, and more fun while also helping to support Sporcle. Thank you for becoming a member.

You're not logged in!

Compare scores with friends on all Sporcle quizzes.
OR
Log In

Sporcle TV

Today on Sporcle TV


Watch our educational content, quiz creation guides, and fun videos on Sporcle TV.

Show Comments

Extras

Top Quizzes Today


Score Distribution

Paid Content

Your Account Isn't Verified!

In order to create a playlist on Sporcle, you need to verify the email address you used during registration. Go to your Sporcle Settings to finish the process.

Report this User

Report this user for behavior that violates our Community Guidelines.

Details: